000 01121nam a22001937a 4500
003 JO-AjAnu
005 20240402124032.0
008 240402b jo ||||| |||| 00| 0 ara d
040 _aJO-AjAnu
_cANU
041 _hara
100 _aالفريحات، فريد عيسى توفيق
_eمعد
_965265
245 0 _aأثر ذكاء الاعمال على ادارة الأزمات في المستشفيات الخاصة لإقليم الشمال/الأردن، البراعة التنظيمية : متغير معدل = The Impact of Business intelligence on Crisis Management at private Hospitals in Northern Jordan Region, Organizational Prowess : as a Moderating Variable
_cاعداد فريد عيسى توفيق الفريحات ؛ اشراف هشام علي شطناوي
260 _c2023
300 _a105 ورقة
500 _aرسالة جامعية (ماجستير) تخصص إدارة الاعمال/ جامعة عجلون الوطنية
650 7 _vالمستشفيات-تنظيم وادارة-ادارة الأزمات
700 1 _aشطناوي،هشام علي
_964865
_eمشرف
942 _2lcc
_cTHS
_n0
999 _c33409
_d33409